[Event "Katowice POL-HUN 10th"]
[Site "Katowice"]
[Date "2023.09.10"]
[Round "9"]
[White "Czechowski, Jakub"]
[Black "Piekielny, Pawel"]
[Result "0-1"]
[WhiteElo "1993"]
[BlackElo "2250"]
[PlyCount "116"]
[EventDate "2023.09.09"]
[EventType "swiss (rapid)"]
[EventRounds "9"]
[EventCountry "POL"]
[SourceTitle "EXT 2024"]
[Source "ChessBase"]
[SourceDate "2023.10.10"]
[SourceVersion "1"]
[SourceVersionDate "2023.10.10"]
[SourceQuality "1"]

1. d4 Nf6 2. c4 e6 3. Nc3 Bb4 4. f3 d5 5. a3 Bxc3+ 6. bxc3 c5 7. e3 Nc6 8. cxd5 Nxd5 9. Bd2 Nf6 10. Bb5 0-0 11. Ne2 Bd7 12. 0-0 Nxd4 13. Nxd4 cxd4 14. Bxd7 dxe3 15. Bxe3 Qxd7 16. Qxd7 Nxd7 17. Rfd1 Nf6 18. Bd4 Rfc8 19. Rab1 b6 20. a4 Nd5 21. Rb3 h6 22. a5 bxa5 23. Ra1 Rc6 24. Rxa5 a6 25. Kf2 Rac8 26. Rba3 f6 27. Rxa6 e5 28. Rxc6 Rxc6 29. Be3 Nxc3 30. Ra8+ Kh7 31. Bd2 Nb5 32. Rb8 Nd6 33. Rb2 Ra6 34. Rc2 Nf5 35. Be3 g5 36. g4 Ng7 37. Rc7 Kg6 38. Ra7 Rc6 39. Ra3 h5 40. gxh5+ Kxh5 41. Kg2 Nf5 42. Bf2 Rc2 43. Kg1 Kg6 44. Ra4 Rd2 45. Ra3 Kh5 46. h3 Nd4 47. Kg2 Ne6 48. Kg3 Nf4 49. Ra8 Kg6 50. Ra3 Rc2 51. Ra6 Kf5 52. Rb6 Nxh3 53. Kxh3 Rxf2 54. Kg3 Rd2 55. Rb4 Rd4 56. Rb6 g4 57. fxg4+ Rxg4+ 58. Kf3 Ra4 0-1

[Event "Katowice POL-HUN 10th"]
[Site "Katowice"]
[Date "2023.09.10"]
[Round "8"]
[White "Zochowski, Kacper"]
[Black "Czechowski, Jakub"]
[Result "1-0"]
[WhiteElo "2256"]
[BlackElo "1993"]
[PlyCount "68"]
[EventDate "2023.09.09"]
[EventType "swiss (rapid)"]
[EventRounds "9"]
[EventCountry "POL"]
[SourceTitle "EXT 2024"]
[Source "ChessBase"]
[SourceDate "2023.10.10"]
[SourceVersion "1"]
[SourceVersionDate "2023.10.10"]
[SourceQuality "1"]

1. c4 Nf6 2. g3 c6 3. Bg2 d5 4. Nf3 g6 5. 0-0 Bg7 6. d3 0-0 7. Qb3 Qb6 8. Qc2 dxc4 9. Qxc4 Be6 10. Qh4 Bg4 11. Nbd2 Nbd7 12. Nc4 Qc5 13. h3 Bxf3 14. Bxf3 Ne5 15. Nxe5 Qxe5 16. Rb1 Qe6 17. a3 Nd7 18. Bh6 Ne5 19. Bg2 Bf6 20. Qe4 Rfd8 21. Be3 Qd6 22. b4 Nd7 23. b5 Qxa3 24. bxc6 bxc6 25. Qxc6 Rac8 26. Qb7 Nc5 27. Qb4 Qxb4 28. Rxb4 Ne6 29. Bxa7 Nd4 30. Bxd4 Rxd4 31. Rxd4 Bxd4 32. e3 Bf6 33. d4 e6 34. Be4 Be7 1-0

[Event "Katowice POL-HUN 10th"]
[Site "Katowice"]
[Date "2023.09.09"]
[Round "2"]
[White "Teclaf, Pawel"]
[Black "Czechowski, Jakub"]
[Result "1-0"]
[WhiteElo "2586"]
[BlackElo "1993"]
[PlyCount "63"]
[EventDate "2023.09.09"]
[EventType "swiss (rapid)"]
[EventRounds "9"]
[EventCountry "POL"]
[SourceTitle "EXT 2024"]
[Source "ChessBase"]
[SourceDate "2023.10.10"]
[SourceVersion "1"]
[SourceVersionDate "2023.10.10"]
[SourceQuality "1"]

1. Nf3 Nf6 2. g3 g6 3. b3 Bg7 4. Bb2 0-0 5. Bg2 d5 6. c4 c6 7. 0-0 b6 8. Nc3 Bb7 9. Rc1 e6 10. cxd5 cxd5 11. Ba3 Re8 12. Nb5 Nc6 13. Nd6 Qd7 14. Nxe8 Nxe8 15. d3 Nd6 16. Qd2 Nb5 17. Bb2 d4 18. Rfe1 Rd8 19. a4 Nc3 20. Nxd4 Nxd4 21. Bxc3 Nxb3 22. Qb2 Bxc3 23. Rxc3 Nc5 24. Bxb7 Nxa4 25. Bc6 Nxb2 26. Bxd7 Rxd7 27. Ra1 b5 28. Rb3 Na4 29. Rxb5 Nc3 30. Rb8+ Kg7 31. Kf1 Kf6 32. Rb3 1-0

[Event "POL-ch U18"]
[Site "Sypniewo"]
[Date "2022.03.24"]
[Round "6"]
[White "Czechowski, Jakub"]
[Black "Ochedzan, Tymon"]
[Result "0-1"]
[WhiteElo "2036"]
[BlackElo "2308"]
[PlyCount "62"]
[EventDate "2022.03.19"]
[EventType "swiss"]
[EventRounds "9"]
[EventCountry "POL"]
[SourceTitle "CBM 207 Extra"]
[Source "ChessBase"]
[SourceDate "2022.05.31"]
[SourceVersion "1"]
[SourceVersionDate "2022.05.31"]
[SourceQuality "1"]

1. d4 Nf6 2. c4 e6 3. Nc3 Bb4 4. f3 c5 5. a3 Bxc3+ 6. bxc3 0-0 7. e4 d6 8. d5 exd5 9. cxd5 Re8 10. Bb5 Nbd7 11. Ne2 Qa5 12. Bxd7 Bxd7 13. 0-0 Bb5 14. Re1 Bxe2 15. Rxe2 Qxc3 16. Bb2 Qa5 17. Bxf6 gxf6 18. Qb3 b5 19. Qb2 Kg7 20. Re3 Qa4 21. Rd3 Qc4 22. Rad1 Qa4 23. Re1 Rac8 24. Qe2 c4 25. Re3 c3 26. Qf2 Kh8 27. Rd3 Qc4 28. Qc2 a5 29. Red1 b4 30. axb4 axb4 31. Qc1 c2 0-1

[Event "Dziedzica Memrial 11th"]
[Site "Trzcianka"]
[Date "2021.10.24"]
[Round "2"]
[White "Czechowski, Jakub"]
[Black "Chojnacki, Krzysztof"]
[Result "0-1"]
[WhiteElo "2016"]
[BlackElo "2378"]
[PlyCount "36"]
[EventDate "2021.10.24"]
[EventType "swiss (rapid)"]
[EventRounds "9"]
[EventCountry "POL"]
[SourceTitle "CBM 204 Extra"]
[Source "ChessBase"]
[SourceDate "2021.11.30"]
[SourceVersion "1"]
[SourceVersionDate "2021.11.30"]
[SourceQuality "1"]

1. d4 Nf6 2. c4 g6 3. Nc3 Bg7 4. e4 d6 5. f3 0-0 6. Be3 c5 7. d5 e6 8. Qd2 exd5 9. exd5 Re8 10. 0-0-0 Qa5 11. Kb1 a6 12. Bd3 b5 13. cxb5 axb5 14. Bxb5 Bf5+ 15. Kc1 Nxd5 16. Qxd5 Bxc3 17. Bxe8 Bxb2+ 18. Kxb2 Qa3+ 0-1

[Event "POL-ch U18"]
[Site "Szklarska Poreba"]
[Date "2021.03.16"]
[Round "4"]
[White "Krawczyk, Wojciech"]
[Black "Czechowski, Jakub"]
[Result "1/2-1/2"]
[WhiteElo "1900"]
[BlackElo "1932"]
[PlyCount "81"]
[EventDate "2021.03.13"]
[EventType "swiss"]
[EventRounds "9"]
[EventCountry "POL"]
[SourceTitle "CBM 201 Extra"]
[Source "ChessBase"]
[SourceDate "2021.05.31"]
[SourceVersion "1"]
[SourceVersionDate "2021.05.31"]
[SourceQuality "1"]

1. c4 Nf6 2. d4 g6 3. Nc3 Bg7 4. Nf3 0-0 5. g3 c6 6. Bg2 d5 7. cxd5 cxd5 8. 0-0 Nc6 9. Bf4 e6 10. Ne5 Nd7 11. Nxc6 bxc6 12. Bd6 Re8 13. e3 Ba6 14. Re1 Rc8 15. Qa4 Nb6 16. Qxa6 Qxd6 17. Rac1 Nc4 18. b3 Qa3 19. Qa4 Qxa4 20. Nxa4 Na3 21. Bf1 Bf8 22. Nc5 a5 23. Nd7 Be7 24. Nc5 Rc7 25. f4 Ra8 26. Kf2 Kf8 27. Kf3 Ke8 28. h4 Bxc5 29. Rxc5 a4 30. b4 Rb7 31. Rc3 Nb5 32. Bxb5 cxb5 33. a3 f5 34. Rec1 h5 35. Rc7 Rab8 36. R1c6 Rxc7 37. Rxc7 Kf8 38. Ke2 Rb6 39. Kd2 Rb8 40. Rd7 Rb6 41. Rh7 1/2-1/2

[Event "POL-ch U18"]
[Site "Szklarska Poreba"]
[Date "2021.03.14"]
[Round "2"]
[White "Musial, Tomasz"]
[Black "Czechowski, Jakub"]
[Result "1-0"]
[WhiteElo "2123"]
[BlackElo "1932"]
[PlyCount "33"]
[EventDate "2021.03.13"]
[EventType "swiss"]
[EventRounds "9"]
[EventCountry "POL"]
[SourceTitle "CBM 201 Extra"]
[Source "ChessBase"]
[SourceDate "2021.05.31"]
[SourceVersion "1"]
[SourceVersionDate "2021.05.31"]
[SourceQuality "1"]

1. e4 e5 2. Nf3 Nc6 3. d4 exd4 4. Nxd4 Nf6 5. Nxc6 bxc6 6. Qe2 Qe7 7. Nc3 d6 8. Bg5 Qe6 9. Qc4 d5 10. Qa4 Nxe4 11. Nxe4 Qxe4+ 12. Qxe4+ dxe4 13. 0-0-0 Bf5 14. Ba6 Bc5 15. Bb7 Rb8 16. Bxc6+ Kf8 17. Rd5 1-0

[Event "POL-ch U16"]
[Site "Szklarska Poreba"]
[Date "2020.03.11"]
[Round "5"]
[White "Czechowski, Jakub"]
[Black "Celebias, Filip"]
[Result "1-0"]
[WhiteElo "1964"]
[BlackElo "1558"]
[PlyCount "159"]
[EventDate "2020.03.07"]
[EventType "swiss"]
[EventRounds "8"]
[EventCountry "POL"]
[SourceTitle "CBM 195 Extra"]
[Source "ChessBase"]
[SourceDate "2020.05.31"]
[SourceVersion "1"]
[SourceVersionDate "2020.05.31"]
[SourceQuality "1"]

1. d4 Nf6 2. c4 e6 3. Nc3 Bb4 4. Bd2 c5 5. e3 cxd4 6. exd4 d5 7. Nf3 Nc6 8. c5 b6 9. Bb5 Bd7 10. Bxc6 Bxc6 11. Ne5 Qc7 12. Nd3 bxc5 13. dxc5 Bxc3 14. Bxc3 a5 15. 0-0 Qe7 16. Rc1 0-0 17. Re1 Rfd8 18. Ne5 Be8 19. Qd4 Rdc8 20. Ng4 Nh5 21. Bd2 Kh8 22. Qxd5 Rd8 23. Qg5 f6 24. Qe3 e5 25. f3 Rd5 26. Nf2 Qf7 27. Qc3 Bc6 28. Rcd1 Qg6 29. Bc1 a4 30. Rxd5 Bxd5 31. Rd1 Bc6 32. Rd6 Rc8 33. Qd3 Qxd3 34. Nxd3 Bb5 35. g4 Bxd3 36. Rxd3 Nf4 37. Bxf4 exf4 38. b4 axb3 39. axb3 Kg8 40. b4 Kf7 41. Rd7+ Ke6 42. Rxg7 Rb8 43. Rxh7 Rxb4 44. Rh5 Rb1+ 45. Kf2 Rb2+ 46. Kf1 Rb1+ 47. Ke2 Rb2+ 48. Kd3 Rb3+ 49. Kd4 Rxf3 50. Ke4 Rf1 51. Rf5 Rh1 52. Rh5 Rf1 53. Rh3 Rc1 54. Kd4 Rg1 55. Rc3 Rxg4 56. c6 f3+ 57. Ke3 Rg8 58. c7 Kd7 59. Kxf3 Kc8 60. Kf4 Rh8 61. h3 Rh5 62. Kg4 Rg5+ 63. Kf4 Rh5 64. Kg3 Rg5+ 65. Kh2 Rh5 66. Rc4 Rg5 67. h4 Rg6 68. Kh3 f5 69. h5 Rg1 70. Kh4 f4 71. Rxf4 Kxc7 72. Rd4 Rh1+ 73. Kg5 Rg1+ 74. Rg4 Rd1 75. h6 Rd5+ 76. Kg6 Rd6+ 77. Kh5 Rd5+ 78. Rg5 Rd6 79. Rg7+ Rd7 80. Rxd7+ 1-0

[Event "POL-ch U16"]
[Site "Szklarska Poreba"]
[Date "2020.03.08"]
[Round "2"]
[White "Czechowski, Jakub"]
[Black "Luberanski, Jakub"]
[Result "1-0"]
[WhiteElo "1964"]
[BlackElo "2151"]
[PlyCount "93"]
[EventDate "2020.03.07"]
[EventType "swiss"]
[EventRounds "8"]
[EventCountry "POL"]
[SourceTitle "CBM 195 Extra"]
[Source "ChessBase"]
[SourceDate "2020.05.31"]
[SourceVersion "1"]
[SourceVersionDate "2020.05.31"]
[SourceQuality "1"]

1. d4 d5 2. c4 Nc6 3. Bf4 dxc4 4. d5 e5 5. Bg3 Nb4 6. Nc3 c6 7. dxc6 Qxd1+ 8. Rxd1 Nxc6 9. Nf3 f6 10. e3 Be6 11. Nd2 Na5 12. Nb5 Kf7 13. f4 exf4 14. Bxf4 a6 15. Nd4 Bb4 16. Be2 Bd5 17. Kf2 Bxd2 18. Rxd2 Ne7 19. Bc7 Nac6 20. Nxc6 bxc6 21. Rc1 Rac8 22. Bd6 Rhd8 23. Bc5 Ng6 24. Bb6 Re8 25. Bxc4 Bxc4 26. Rxc4 Ne5 27. Rc3 Ke6 28. h3 h5 29. Rdc2 Kd7 30. Ra3 Ra8 31. Bd4 Nf7 32. Rc5 Ng5 33. Rca5 Ne4+ 34. Ke2 Nd6 35. Rxa6 Rxa6 36. Rxa6 Nf5 37. Bc5 Rb8 38. b4 h4 39. Ra7+ Ke6 40. a4 Kd5 41. Kd3 Rd8 42. a5 g5 43. a6 Ke5+ 44. Kc3 Rd1 45. Ra8 Nd6 46. Bxd6+ Rxd6 47. a7 1-0

[Event "Krakow op-B 29th"]
[Site "Krakow"]
[Date "2018.12.30"]
[Round "5"]
[White "Czechowski, Jakub"]
[Black "Alothman, Abdul Wahab"]
[Result "0-1"]
[WhiteElo "1840"]
[BlackElo "1965"]
[PlyCount "34"]
[EventDate "2018.12.27"]
[EventType "swiss"]
[EventRounds "9"]
[EventCountry "POL"]
[SourceTitle "CBM 189 Extra"]
[Source "ChessBase"]
[SourceDate "2019.06.03"]
[SourceVersion "1"]
[SourceVersionDate "2019.06.03"]
[SourceQuality "1"]

1. d4 d5 2. c4 c6 3. Nf3 Nf6 4. Nc3 e6 5. e3 Nbd7 6. Bd3 dxc4 7. Bxc4 b5 8. Bd3 Bb7 9. e4 b4 10. Ne2 c5 11. Ng3 cxd4 12. Nxd4 Bc5 13. Be3 Qb6 14. Nc2 0-0 15. Bf4 Bxf2+ 16. Kf1 Nc5 17. e5 Nxd3 0-1

[Event "POL-chT U20 1st League"]
[Site "Kudowa Zdroj"]
[Date "2018.07.29"]
[Round "9.26"]
[White "Czechowski, Jakub"]
[Black "Butyrowski, Marcel"]
[Result "1-0"]
[WhiteElo "1880"]
[BlackElo "1725"]
[PlyCount "163"]
[EventDate "2018.07.21"]
[EventType "team-tourn"]
[EventRounds "9"]
[EventCountry "POL"]
[SourceTitle "CBM 186 Extra"]
[Source "ChessBase"]
[SourceDate "2018.08.24"]
[SourceVersion "1"]
[SourceVersionDate "2018.08.24"]
[SourceQuality "1"]

1. e4 c5 2. Nf3 Nc6 3. d4 cxd4 4. Nxd4 g6 5. Nc3 Bg7 6. Be3 Nf6 7. Bc4 0-0 8. Bb3 a5 9. 0-0 a4 10. Nxa4 Nxe4 11. Nb5 d5 12. Bb6 Qd7 13. Nc7 Rxa4 14. Bxa4 Bxb2 15. Qxd5 Bxa1 16. Rxa1 Nc3 17. Qxd7 Bxd7 18. Bb3 Bf5 19. f3 Ne2+ 20. Kf2 Ned4 21. Rd1 Bxc2 22. Rxd4 Nxd4 23. Bxd4 Bxb3 24. axb3 Rd8 25. Ke3 Rd7 26. Nb5 e5 27. Bc5 Rd1 28. b4 Rb1 29. Kd3 Rb2 30. Nd6 b6 31. Kc3 Rxg2 32. Bxb6 Rxh2 33. Bc5 Rh3 34. b5 Rxf3+ 35. Kc4 Rf4+ 36. Kd5 Rf1 37. b6 Rb1 38. Kxe5 Kg7 39. b7 h6 40. Ba7 Rxb7 41. Nxb7 h5 42. Nd6 f6+ 43. Ke6 g5 44. Kf5 h4 45. Ne8+ Kh6 46. Bc5 h3 47. Bf8+ Kh5 48. Nxf6+ Kh4 49. Ng4 Kg3 50. Kxg5 Kg2 51. Bd6 Kf3 52. Kh4 Kg2 53. Bb8 Kf3 54. Kxh3 Ke4 55. Kg3 Kf5 56. Kf3 Ke6 57. Ke4 Kd7 58. Kd5 Kc8 59. Bg3 Kb7 60. Kd6 Kb8 61. Ne3 Kb7 62. Nd5 Kb8 63. Kc6+ Ka8 64. Nb6+ Ka7 65. Bf4 Ka6 66. Bb8 Ka5 67. Nd5 Ka6 68. Nb4+ Ka5 69. Kc5 Ka4 70. Kc4 Ka3 71. Be5 Ka4 72. Bc7 Ka3 73. Nd3 Ka4 74. Nc5+ Ka3 75. Kc3 Ka2 76. Bf4 Ka3 77. Bc1+ Ka2 78. Ne4 Ka1 79. Kb3 Kb1 80. Ba3 Ka1 81. Bb2+ Kb1 82. Nc3# 1-0

[Event "POL-chT U20 1st League"]
[Site "Kudowa Zdroj"]
[Date "2018.07.26"]
[Round "6.14"]
[White "Pietrzak, Tomasz1111"]
[Black "Czechowski, Jakub"]
[Result "0-1"]
[WhiteElo "1617"]
[BlackElo "1880"]
[PlyCount "76"]
[EventDate "2018.07.21"]
[EventType "team-tourn"]
[EventRounds "9"]
[EventCountry "POL"]
[SourceTitle "CBM 186 Extra"]
[Source "ChessBase"]
[SourceDate "2018.08.24"]
[SourceVersion "1"]
[SourceVersionDate "2018.08.24"]
[SourceQuality "1"]

1. d4 Nf6 2. c4 g6 3. Nc3 Bg7 4. e4 d6 5. Nf3 0-0 6. Be2 e5 7. 0-0 Nc6 8. d5 Ne7 9. a4 Nh5 10. a5 Nf4 11. Ne1 Nxe2+ 12. Qxe2 f5 13. f3 f4 14. Nd3 g5 15. b4 Ng6 16. Nf2 h5 17. c5 Nh4 18. h3 Qf6 19. Ba3 Qg6 20. Rac1 g4 21. hxg4 hxg4 22. Nxg4 Bxg4 23. fxg4 f3 24. gxf3 Nxf3+ 25. Rxf3 Qxg4+ 26. Kf2 Rxf3+ 27. Qxf3 Rf8 28. Qxf8+ Kxf8 29. Rf1 Ke7 30. b5 Bh6 31. b6 axb6 32. cxd6+ cxd6 33. Nb5 Qf4+ 34. Kg2 Qxe4+ 35. Kf2 Be3+ 36. Kg3 Bf4+ 37. Kf2 Qe3+ 38. Kg2 Qg3+ 0-1

[Event "POL-chT U20 1st League"]
[Site "Kudowa Zdroj"]
[Date "2018.07.24"]
[Round "4.20"]
[White "Galuszka, Tomasz"]
[Black "Czechowski, Jakub"]
[Result "1/2-1/2"]
[WhiteElo "1989"]
[BlackElo "1880"]
[PlyCount "173"]
[EventDate "2018.07.21"]
[EventType "team-tourn"]
[EventRounds "9"]
[EventCountry "POL"]
[SourceTitle "CBM 186 Extra"]
[Source "ChessBase"]
[SourceDate "2018.08.24"]
[SourceVersion "1"]
[SourceVersionDate "2018.08.24"]
[SourceQuality "1"]

1. Nf3 Nf6 2. g3 g6 3. Bg2 Bg7 4. 0-0 0-0 5. d3 d6 6. Nbd2 c5 7. e4 Nc6 8. Re1 d5 9. exd5 e5 10. Nc4 Nxd5 11. Ng5 Re8 12. Ne3 Re7 13. Ne4 Nc7 14. a4 Ne6 15. Nc3 Ncd4 16. Nc4 Rb8 17. Be3 f6 18. Bxd4 b6 19. Ne3 Nxd4 20. Ne2 Nxe2+ 21. Qxe2 Be6 22. c4 Qd7 23. Nd5 Bh6 24. b3 Rf7 25. Rad1 Re8 26. Nc3 Kh8 27. Bd5 Rfe7 28. Bxe6 f5 29. Nd5 Rxe6 30. Qf1 Bg7 31. Re2 Qf7 32. f3 g5 33. Rde1 e4 34. dxe4 fxe4 35. Rxe4 Rxe4 36. fxe4 Rxe4 37. Re2 Qe6 38. Rxe4 Qxe4 39. Qd1 Bd4+ 40. Kf1 Qh1+ 41. Ke2 Qxh2+ 42. Kf3 Qh5+ 43. g4 Qf7+ 44. Ke4 Qe8+ 45. Kf3 h5 46. Qd2 Qf7+ 47. Kg2 h4 48. Qe2 Kg7 49. Ne7 Kf8 50. Nf5 Qb7+ 51. Kh2 Qb8+ 52. Kh3 Qe5 53. Qf3 Ke8 54. Qa8+ Kd7 55. Qxa7+ Qc7 56. Qa8 Qc6 57. Qa7+ Kd8 58. Qb8+ Kd7 59. Qa7+ Qc7 60. Qa8 Qc6 61. Qxc6+ Kxc6 62. Ne7+ Kb7 63. Nd5 Be5 64. Ne3 Kc6 65. Kg2 Bf4 66. Nd5 Bc7 67. Kf3 Bd8 68. Nc3 Kd6 69. Ke4 Ke6 70. Nd5 h3 71. Kf3 Ke5 72. Kg3 Kd4 73. Kxh3 Kd3 74. Kg3 Kc2 75. b4 cxb4 76. Nxb4+ Kb3 77. Nc6 Bc7+ 78. Kf3 Kxc4 79. Ke4 Kb3 80. Kf5 Kxa4 81. Kxg5 b5 82. Kf5 b4 83. Nxb4 Kxb4 84. g5 Bb6 85. Ke5 Kc4 86. g6 Ba7 87. g7 1/2-1/2

[Event "Bialystok Zamenhof Memorial-B 36th"]
[Site "Bialystok"]
[Date "2017.12.29"]
[Round "5"]
[White "Wikar, Martyna"]
[Black "Czechowski, Jakub"]
[Result "1-0"]
[WhiteElo "1880"]
[BlackElo "1782"]
[PlyCount "63"]
[EventDate "2017.12.27"]
[EventType "swiss"]
[EventRounds "9"]
[EventCountry "POL"]
[SourceTitle "CBM 182 Extra"]
[Source "ChessBase"]
[SourceDate "2018.02.23"]
[SourceVersion "1"]
[SourceVersionDate "2018.02.23"]
[SourceQuality "1"]

1. e4 c5 2. Ne2 d6 3. g3 g6 4. c3 Bg7 5. Bg2 Nc6 6. d4 cxd4 7. cxd4 e5 8. Be3 Nh6 9. h3 Qb6 10. d5 Nd4 11. Qd2 f5 12. 0-0 Nf7 13. Nbc3 Nxe2+ 14. Qxe2 Qd8 15. Rac1 0-0 16. Nb5 f4 17. gxf4 exf4 18. Bxf4 Ng5 19. Rxc8 Rxc8 20. Bxd6 Re8 21. Bg3 Nf7 22. Rd1 a6 23. Nd4 Bxd4 24. Rxd4 Nd6 25. Qg4 Qb6 26. e5 Nf5 27. Rb4 Qa5 28. a3 b5 29. Be4 Nxg3 30. Qxg3 Rc5 31. Bxg6 Re7 32. Bxh7+ 1-0

[Event "Bialystok Zamenhof Memorial-B 36th"]
[Site "Bialystok"]
[Date "2017.12.28"]
[Round "4"]
[White "Czechowski, Jakub"]
[Black "Pajak, Jakub Lech"]
[Result "0-1"]
[WhiteElo "1782"]
[BlackElo "1943"]
[PlyCount "104"]
[EventDate "2017.12.27"]
[EventType "swiss"]
[EventRounds "9"]
[EventCountry "POL"]
[SourceTitle "CBM 182 Extra"]
[Source "ChessBase"]
[SourceDate "2018.02.23"]
[SourceVersion "1"]
[SourceVersionDate "2018.02.23"]
[SourceQuality "1"]

1. d4 d5 2. c4 e6 3. Nc3 c6 4. Nf3 dxc4 5. a4 Bb4 6. e4 b5 7. Bd2 Bb7 8. Qc2 Nf6 9. Be2 a6 10. 0-0 Qe7 11. Rfe1 Nbd7 12. e5 Nd5 13. Ne4 0-0 14. Bxb4 Nxb4 15. Qd2 Nb6 16. Nc5 N6d5 17. Ng5 Bc8 18. a5 Ra7 19. Bf3 Nc2 20. Qxc2 Qxg5 21. Be4 g6 22. Ra3 f5 23. exf6 Qxf6 24. Rf3 Qxd4 25. Bxd5 cxd5 26. Rxf8+ Kxf8 27. Nxe6+ Bxe6 28. Rxe6 Re7 29. Rxe7 Kxe7 30. g3 Qe4 31. Qd2 d4 32. Qg5+ Kf7 33. Qh6 Kg8 34. Qg5 d3 35. Qd8+ Kf7 36. Qc7+ Kf6 37. Qd8+ Kf5 38. Qd7+ Qe6 39. g4+ Kf6 40. Qd4+ Kg5 41. f3 h5 42. gxh5 gxh5 43. h4+ Kf5 44. Qc5+ Kf4 45. Qd4+ Kxf3 46. Qf2+ Ke4 47. Qg2+ Kd4 48. Qg7+ Qe5 49. Qd7+ Kc5 50. Qf7 d2 51. Qf8+ Qd6 52. Qc8+ Kb4 0-1